[Event "Hastings7980"]
[Site "Hastings"]
[Date "1979.??.??"]
[Round "11"]
[White "Nunn, John DM"]
[Black "Zilber, Israel"]
[Result "1-0"]
[WhiteElo "2500"]
[BlackElo "2410"]

1.e4 c6 2.c4 d5 3.exd5 cxd5 4.cxd5 Qxd5 5.Nc3 Qd6 6.d4 Nf6 7.Nf3 e6 8.Bd3 Be7
9.O-O O-O 10.Be3 Nc6 11.Rc1 Bd7 12.a3 Rfc8 13.Bb1 Be8 14.Qe2 Bd8 15.Rfd1 Ne7
16.Bg5 Ned5 17.Ne5 h6 18.Bh4 Nxc3 19.bxc3 Qxa3 20.Qd3 Be7 21.Ng4 Kf8 22.Nxf6 Bxf6
23.Bxf6 gxf6 24.d5 Rd8 25.Qh7 e5 26.Bf5 Ke7 27.c4 Qc5 28.Qxh6 Ba4 29.Rd2 b6
30.Re1 Qd6 31.c5 bxc5 32.Qh4 Bb5 33.f4 Rh8 34.Rxe5+ Qxe5 35.d6+ Qxd6 36.Qe1+ Qe6
37.Bxe6 fxe6 38.f5 e5 39.Qg3 Rhf8 40.Qa3 Rfc8 41.Qb3  1-0

[Event "Hastings7980"]
[Site "Hastings"]
[Date "1979.??.??"]
[Round "12"]
[White "Seirawan, Yasser"]
[Black "Nunn, John DM"]
[Result "1/2-1/2"]
[WhiteElo "2485"]
[BlackElo "2500"]

1.c4 Nf6 2.Nc3 e5 3.Nf3 Nc6 4.e3 Be7 5.d4 exd4 6.Nxd4 O-O 7.Be2 d5 8.cxd5 Nb4
9.O-O Nbxd5 10.Nxd5 Qxd5 11.Nb5 Qe5 12.Bd2 Ne4 13.Be1 c6 14.Qd4 Qxd4 15.Nxd4 Bf6
16.Rd1 Rd8 17.f3 Bxd4 18.Rxd4 Rxd4 19.exd4 Nd6 20.Bb4 Nf5 21.Rd1 Be6 22.a3 Rd8
23.Bc3 f6 24.Kf2 Kf7 25.Bd3 Ne7 26.g4 Nd5 27.Bd2  1/2-1/2

[Event "Hastings7980"]
[Site "Hastings"]
[Date "1979.??.??"]
[Round "13"]
[White "Nunn, John DM"]
[Black "Lein, Anatoly"]
[Result "1/2-1/2"]
[WhiteElo "2500"]
[BlackElo "2535"]

1.e4 e5 2.Nf3 Nc6 3.Bc4 Nf6 4.d3 Be7 5.O-O O-O 6.Nbd2 d6 7.c3 Na5 8.Bb5 a6
9.Ba4 b5 10.Bc2 c5 11.Re1 Re8 12.a4 Bd7 13.Nf1 h6 14.Ne3 Bf8 15.Bd2 Qb6 16.b4 cxb4
17.cxb4 Nc6 18.Bb3  1/2-1/2

[Event "Hastings7980"]
[Site "Hastings"]
[Date "1979.??.??"]
[Round "14"]
[White "Raicevic, Vladimir"]
[Black "Nunn, John DM"]
[Result "0-1"]
[WhiteElo "2440"]
[BlackElo "2500"]

1.e4 d6 2.d4 Nf6 3.Nc3 g6 4.f4 Bg7 5.e5 Nfd7 6.Nf3 O-O 7.Be2 c5 8.exd6 exd6
9.d5 Na6 10.O-O Nc7 11.a4 Nf6 12.h3 b6 13.Bc4 a6 14.Rb1 Bd7 15.b4 b5 16.axb5 axb5
17.Be2 cxb4 18.Rxb4 Na6 19.Rb1 b4 20.Bxa6 bxc3 21.Bc4 Qc7 22.Bb3 Rfe8 23.Kh2 Qc5
24.Re1 Rxe1 25.Nxe1 Bf5 26.Nd3 Qd4 27.Qf3 Be4 28.Qf2 Nxd5 29.Bxd5 Qxd5 30.Be3 Bxd3
31.Rd1 Ra2 32.Kg1 Qb5 33.Rxd3 Qb1+ 34.Qf1 Qxc2 35.Rxd6 h5 36.Kh2 Qe4 37.Bc1 Re2  0-1

[Event "Hastings7980"]
[Site "Hastings"]
[Date "1979.??.??"]
[Round "15"]
[White "Nunn, John DM"]
[Black "Mestel, A Jonathan"]
[Result "1/2-1/2"]
[WhiteElo "2500"]
[BlackElo "2475"]

1.e4 c5 2.Nf3 d6 3.d4 cxd4 4.Qxd4 Nf6 5.Bb5+ Bd7 6.Bxd7+ Qxd7 7.O-O Nc6 8.Qd3 g6
9.c4 Bg7 10.Nc3 Rc8 11.Bd2 O-O 12.Rad1 a6  1/2-1/2

[Event "BCF-ch"]
[Site "Brighton"]
[Date "1980.08.04"]
[Round "1"]
[White "Watson, Ian R"]
[Black "Nunn, John DM"]
[Result "0-1"]
[WhiteElo "2210"]
[BlackElo "2515"]

1.d4 Nf6 2.c4 c5 3.d5 e6 4.Nc3 exd5 5.cxd5 d6 6.e4 g6 7.f4 Bg7 8.Bb5+ Nfd7
9.a4 O-O 10.Nf3 Na6 11.O-O Nb4 12.Re1 a6 13.Bc4 Nb6 14.Be2 Bg4 15.h3 Bxf3
16.Bxf3 Qh4 17.Kh2 Rfe8 18.g3 Qd8 19.Re2 Nc4 20.Na2 Qb6 21.Nxb4 Qxb4 22.Ra2 Na5
23.Bd2 Qb3 24.Qxb3 Nxb3 25.Be3 f5 26.exf5 gxf5 27.Kg2 b5 28.Bh5 Rf8 29.Ra3 c4
30.axb5 axb5 31.Rxa8 Rxa8 32.Bb6 b4 33.Rc2 c3 34.bxc3 bxc3 35.Be3 Na1 36.Rc1 Ra2+
37.Kf1 Nb3 38.Re1 c2 39.Be2 Bc3 40.Bc4 Nd2+  0-1

[Event "BCF-ch"]
[Site "Brighton"]
[Date "1980.08.05"]
[Round "2"]
[White "Nunn, John DM"]
[Black "Knox, Victor W"]
[Result "1-0"]
[WhiteElo "2515"]
[BlackElo "2335"]

1.e4 e5 2.Nf3 Nc6 3.Bc4 Nf6 4.d3 Bc5 5.c3 d6 6.b4 Bb6 7.a4 a5 8.b5 Nb8 9.Nbd2 O-O
10.O-O Qe7 11.Ba2 Be6 12.Nc4 Nbd7 13.Re1 Ne8 14.d4 f6 15.Nh4 g6 16.f4 exf4
17.Bxf4 Ng7 18.Nf5 Qd8 19.Bh6 gxf5 20.exf5 Bxc4 21.Qg4 Rf7 22.Bxc4 Qf8 23.Bxg7 Qxg7
24.Bxf7+ Kf8 25.Qxg7+ Kxg7 26.Re7  1-0

[Event "BCF-ch"]
[Site "Brighton"]
[Date "1980.08.06"]
[Round "3"]
[White "Lee, Graham D"]
[Black "Nunn, John DM"]
[Result "1/2-1/2"]
[WhiteElo "2280"]
[BlackElo "2515"]

1.e4 c5 2.c3 d5 3.exd5 Qxd5 4.d4 e6 5.Nf3 Nf6 6.Be2 cxd4 7.cxd4 Nc6 8.Nc3 Qd6
9.O-O Be7 10.Nb5 Qd8 11.Ne5 Bd7 12.Nc3 O-O 13.Bf3 Be8 14.Be3 Qa5 15.Qe2 Bb4
16.Rac1 Nxe5 17.dxe5 Qxe5 18.Bxb7 Rb8 19.Bf3 a5 20.Ba7 Qxe2 21.Nxe2 Rd8 22.Bb6 Rd2
23.a3 Be7 24.Bxa5 Rxb2 25.Ra1 Bb5 26.Rfe1 Bxe2 27.Rxe2 Rxe2 28.Bxe2 Ra8 29.Bc3 Rxa3
30.Rxa3 Bxa3 31.Bxf6 gxf6 32.Bd3 f5  1/2-1/2

[Event "BCF-ch"]
[Site "Brighton"]
[Date "1980.08.07"]
[Round "4"]
[White "Nunn, John DM"]
[Black "Cooper, John Grantley"]
[Result "1-0"]
[WhiteElo "2515"]
[BlackElo "2335"]

1.e4 e5 2.Nf3 Nc6 3.Bc4 Nf6 4.d3 Be7 5.O-O O-O 6.Nbd2 d6 7.c3 Kh8 8.Re1 Bg4
9.h3 Bh5 10.Nf1 Ng8 11.Ng3 Bxf3 12.Qxf3 Bg5 13.Bd5 Bxc1 14.Raxc1 Nce7 15.Bb3 Ng6
16.d4 Nf4 17.Rcd1 Qf6 18.Ne2 Nxe2+ 19.Qxe2 Qe7 20.Qe3 Nf6 21.f4 Rae8 22.dxe5 dxe5
23.fxe5 Qxe5 24.Qxa7 b6 25.Qa4 Nxe4 26.Bxf7 Rxf7 27.Rxe4 Qc5+ 28.Qd4 Qxd4+
29.Rexd4 h6 30.Rd8 Rxd8 31.Rxd8+ Kh7 32.Rd1 Kg6 33.a4 Rf4 34.Ra1 c5 35.b3 h5
36.a5 bxa5 37.Rxa5 c4 38.Ra4  1-0

[Event "BCF-ch"]
[Site "Brighton"]
[Date "1980.08.08"]
[Round "5"]
[White "Hartston, William R"]
[Black "Nunn, John DM"]
[Result "1/2-1/2"]
[WhiteElo "2465"]
[BlackElo "2515"]

1.e4 c5 2.Nc3 e6 3.Nf3 Nc6 4.d4 cxd4 5.Nxd4 Nf6 6.Nxc6 bxc6 7.e5 Nd5 8.Ne4 Qc7
9.f4 Qb6 10.Bd3 Ba6 11.Bxa6 Qxa6 12.Qe2 Qxe2+ 13.Kxe2 f5  1/2-1/2

[Event "BCF-ch"]
[Site "Brighton"]
[Date "1980.08.09"]
[Round "6"]
[White "Chandler, Murray G"]
[Black "Nunn, John DM"]
[Result "1/2-1/2"]
[WhiteElo "2450"]
[BlackElo "2515"]

1.d4 Nf6 2.c4 c5 3.d5 e6 4.Nc3 exd5 5.cxd5 d6 6.e4 g6 7.f3 Bg7 8.Bg5 a6 9.a4 Nbd7
10.Nh3 O-O 11.Nf2 h6 12.Be3 Rb8 13.Qd2 Kh7 14.Be2 Qe7 15.O-O Ne8 16.f4 f5
17.exf5 gxf5 18.Rfe1 Qf7  1/2-1/2

[Event "BCF-ch"]
[Site "Brighton"]
[Date "1980.08.13"]
[Round "9"]
[White "Franklin, Michael J"]
[Black "Nunn, John DM"]
[Result "1/2-1/2"]
[WhiteElo "2345"]
[BlackElo "2515"]

1.d4 g6 2.Nf3 Bg7 3.c3 d6 4.Bf4 Nd7 5.h3 e5 6.Bh2 Nh6 7.e3 O-O 8.Be2 f5 9.Na3 Nf7
10.Qc2 Qe7 11.Nc4 e4 12.Nfd2 Nf6 13.Qb3 b6 14.a4 a6 15.Na3 Bd7 16.Nc2 Be6
17.Qa3 g5 18.Nb4 a5 19.Nc2 Nh8 20.Bc4 Bxc4 21.Nxc4 Ng6 22.Qb3 Kh8 23.O-O-O Qf7
24.N2a3 f4 25.Qb5 Nd5 26.Nc2 Rae8 27.Nd2 h6 28.g3 Qe6 29.gxf4 gxf4 30.Rdg1 Rf5
31.Qc6 Re7 32.Re1 fxe3 33.Nxe3 Nxe3 34.Rxe3 Rxf2 35.Bg3 Rff7 36.Rxe4 Qf5
37.Rhe1 Qxh3 38.Rxe7 Nxe7 39.Qxc7 Qxg3 40.Rxe7 Qg1+ 41.Kc2 Rf2  1/2-1/2

[Event "BCF-ch"]
[Site "Brighton"]
[Date "1980.08.15"]
[Round "11"]
[White "Nunn, John DM"]
[Black "Basman, Michael J"]
[Result "1-0"]
[WhiteElo "2515"]
[BlackElo "2405"]

1.e4 g5 2.d4 h6 3.Bd3 d6 4.Ne2 c5 5.c3 Nc6 6.O-O Nf6 7.Nd2 Qc7 8.b4 b6 9.bxc5 bxc5
10.Rb1 Bd7 11.Nc4 Bg7 12.d5 Na5 13.Ne3 Ng4 14.Nxg4 Bxg4 15.Bb5+ Kf8 16.f3 Bc8
17.Be3 Bf6 18.Qd2 Rb8 19.Bd3 Rb6 20.c4 Nb7 21.f4 gxf4 22.Bxf4 h5 23.Bg5 Be5
24.Nf4 Ke8 25.Be2 Bd4+ 26.Kh1 Bg4 27.h3 Ra6 28.Bh4 Ra3 29.Rb3 Rxb3 30.axb3 Bxe2
31.Qxe2 Qa5 32.Nxh5 Qc3 33.Qg4 Nd8 34.Qg5 f6 35.Qg6+ Kd7 36.Nxf6+ Kc7 37.Qg7 Rxh4
38.Qxe7+ Kb6 39.Nd7+ Ka6 40.Nb8+  1-0

[Event "Malta ol (Men)"]
[Site "La Valetta"]
[Date "1980.??.??"]
[Round "?"]
[White "Nunn, John DM"]
[Black "Gumrukcuoglu, Ergun"]
[Result "1-0"]
[WhiteElo "2515"]
[BlackElo "2210"]

1.e4 e5 2.Nf3 Nc6 3.Bc4 Bc5 4.b4 Bxb4 5.c3 Be7 6.d4 Bf6 7.O-O Nge7 8.dxe5 Bxe5
9.Nxe5 Nxe5 10.Bb3 d6 11.f4 Ng4 12.h3 Nf6 13.Nd2 Be6 14.c4 Nc6 15.Bb2 Qe7
16.Ba3 O-O-O 17.Rb1 g6 18.e5 Nd7 19.Ba4 Na5 20.Rb5 Nxc4 21.Nxc4 Bxc4 22.Qc1 Qe6
23.exd6 c6 24.Rb4 Nb6 25.Re1 Qd5 26.Rd1 Qe6 27.Bb3 Bxb3 28.Rxb3 Rhe8 29.Bc5 Kb8
30.Qa3 Qe2 31.Rdb1 Rd7 32.Rxb6 axb6 33.Bxb6 Qa6 34.Bc7+ Ka8 35.Rb3 Rc8 36.Qb2 Rdxc7
37.dxc7 Qa7+ 38.Kh1 Rxc7 39.Qh8+  1-0

[Event "Malta ol (Men)"]
[Site "La Valetta"]
[Date "1980.??.??"]
[Round "?"]
[White "Greenfeld, Alon"]
[Black "Nunn, John DM"]
[Result "0-1"]
[WhiteElo "2200"]
[BlackElo "2515"]

1.e4 d6 2.d4 Nf6 3.Nc3 g6 4.f4 Bg7 5.Nf3 O-O 6.Bd3 Na6 7.O-O c5 8.d5 Rb8
9.Qe1 Nb4 10.a3 Nxd3 11.cxd3 b5 12.Qh4 Ba6 13.e5 dxe5 14.fxe5 Nxd5 15.Ng5 h6
16.Nce4 Qb6 17.Rf3 f5 18.exf6 hxg5 19.Bxg5 c4+ 20.Kh1 Nxf6 21.Rh3 Nh5 22.g4 Bc8
23.gxh5 Bxh3 24.Qxh3 cxd3 25.Rg1 Qc6 26.Qh4 gxh5 27.Bxe7 Rf7 28.Bb4 Re8  0-1

[Event "Malta ol (Men)"]
[Site "La Valetta"]
[Date "1980.??.??"]
[Round "?"]
[White "Nunn, John DM"]
[Black "Campos Lopez, Mario"]
[Result "1-0"]
[WhiteElo "2515"]
[BlackElo "2375"]

1.e4 c5 2.Nf3 e6 3.d4 cxd4 4.Nxd4 a6 5.c4 Nf6 6.Nc3 Bb4 7.Bd3 Nc6 8.Bc2 Qc7
9.O-O O-O 10.Kh1 Be7 11.f4 d6 12.Be3 Bd7 13.Rc1 Rac8 14.b3 Qa5 15.Qe1 Kh8
16.Rf3 Nxd4 17.Bxd4 e5 18.Be3 b5 19.Bd2 Qc7 20.Bd3 Qb8 21.f5 h6 22.Rh3 Nh7
23.Qg3 Bc6 24.Bxh6 gxh6 25.Rxh6 Rg8 26.Qh3 Rg7 27.f6 Bxf6 28.Rxf6 Bd7 29.Qh4 bxc4
30.Bxc4 Rxc4 31.bxc4 Qb2 32.Rg1 Qxc3 33.Rxd6 Be6 34.Rxa6 Rg8 35.Rd6 Qxc4
36.Rd8 Rxd8 37.Qxd8+ Kg7 38.Qh4 Nf8 39.a3 Ng6 40.Qe1 Nf4 41.Qg3+ Kh6 42.Qh4+ Kg6
43.Qg3+ Kh6 44.Qh4+ Kg6 45.Qg3+ Kh5 46.Re1 Qc2 47.h3 Kh6 48.Re3 Bd7 49.Kh2 Bc6
50.Qg8 Bxe4 51.Rg3 Ng6 52.h4 Qd1 53.h5 Bxg2 54.Rxg6+  1-0

[Event "Malta ol (Men)"]
[Site "La Valetta"]
[Date "1980.??.??"]
[Round "?"]
[White "Nunn, John DM"]
[Black "Langeweg, Kick"]
[Result "1/2-1/2"]
[WhiteElo "2515"]
[BlackElo "2425"]

1.e4 c5 2.Nf3 d6 3.d4 cxd4 4.Nxd4 Nf6 5.Nc3 Nc6 6.Bc4 e6 7.Be3 Be7 8.Qe2 a6
9.O-O-O Qc7 10.Bb3 O-O 11.g4 Nxd4 12.Rxd4 b5 13.g5 Nd7 14.Rg1 Nc5 15.Qh5 g6
16.Qh6 f5 17.gxf6 Bxf6 18.h4 Bxd4 19.Bxd4 Nxb3+ 20.axb3 e5 21.Bb6 Qxb6  1/2-1/2

[Event "Malta ol (Men)"]
[Site "La Valetta"]
[Date "1980.??.??"]
[Round "?"]
[White "Nunn, John DM"]
[Black "Ristoja, Thomas W"]
[Result "1-0"]
[WhiteElo "2515"]
[BlackElo "2330"]

1.e4 c5 2.Nf3 Nc6 3.d4 cxd4 4.Nxd4 g6 5.c4 Bg7 6.Be3 Nf6 7.Nc3 O-O 8.Be2 b6
9.O-O Bb7 10.f3 Nh5 11.Nxc6 Bxc6 12.Rc1 f5 13.exf5 gxf5 14.f4 Nf6 15.Bf3 Rc8
16.b3 Qe8 17.Nd5 Qf7 18.Nxf6+ Qxf6 19.Rc2 Bxf3 20.Rxf3 d6 21.Rd2 Kh8 22.Bd4 Qf7
23.Bxg7+ Qxg7 24.Qe1 Rf6 25.Re3 Re8 26.Rde2 Rg6 27.Kh1 e6 28.h3 Qb7 29.Qd2 Qc6
30.Qd4+ Kg8 31.Rd2 Rd8 32.Ree2 Qc5 33.Qc3 b5 34.Qa5 Rb8 35.cxb5 d5 36.a4 Qd6
37.Re5 Qc5 38.Ree2 Qd6 39.Rf2 Rb7 40.Rc2 Rg3 41.Rc6 Qe7 42.Qe1 Kf7 43.Rfc2 Rg8
44.Qe5 Rd8 45.Re2 Rb6 46.Rc7 Rd7 47.Rxd7 Qxd7 48.Qh8 Kg6 49.Re3 Qe7 50.Rg3+ Kh6
51.Qe5 Rd6 52.Rg5 Rd7 53.Qe1  1-0

[Event "Malta ol (Men)"]
[Site "La Valetta"]
[Date "1980.??.??"]
[Round "?"]
[White "Radulov, Ivan"]
[Black "Nunn, John DM"]
[Result "1/2-1/2"]
[WhiteElo "2465"]
[BlackElo "2515"]

1.e4 c5 2.Nf3 e6 3.d4 cxd4 4.Nxd4 Nf6 5.Bd3 Nc6 6.Nxc6 bxc6 7.O-O d5 8.Nd2 Bd6
9.Qe2 Qc7 10.g3 O-O 11.c4 Re8 12.b3 Be5 13.Rb1 Bb7 14.Bb2 Bxb2 15.Rxb2 e5
16.Rc2 dxe4 17.Bxe4 Rad8 18.f3 Rd4  1/2-1/2

[Event "Malta ol (Men)"]
[Site "La Valetta"]
[Date "1980.??.??"]
[Round "?"]
[White "Sax, Gyula"]
[Black "Nunn, John DM"]
[Result "1/2-1/2"]
[WhiteElo "2570"]
[BlackElo "2515"]

1.e4 d6 2.d4 Nf6 3.Nc3 g6 4.f4 Bg7 5.Nf3 O-O 6.Bd3 Na6 7.O-O c5 8.d5 Rb8
9.Qe1 Nb4 10.Qh4 b5 11.a3 Nxd3 12.cxd3 Ba6 13.b4 Nd7 14.Bd2 e6 15.dxe6 fxe6
16.Qh3 Re8 17.f5 exf5 18.exf5 Bc8 19.fxg6 hxg6 20.Qg3 Nf8 21.bxc5 Bf5 22.Nh4 dxc5
23.Rxf5 gxf5 24.Nxf5 Qf6 25.Rf1 Kh8 26.Qh3+ Nh7 27.Nd5 Qb2 28.Nxg7 Qxd2 29.Nxe8 Rxe8
30.Qh5 Re1 31.Qf5 Rxf1+ 32.Kxf1 b4 33.Qc8+ Kg7 34.Qd7+ Kh8 35.Qd8+ Kg7 36.Qe7+ Kg8
37.Qe6+ Kg7 38.Qe5+ Kh6 39.Qe6+ Kg7 40.Qe5+ Kh6 41.axb4 Qxd3+ 42.Kf2 Qd2+
43.Kg3 cxb4 44.h4 a5 45.Qe6+ Kg7 46.Qe7+ Kg8 47.Qd8+ Kg7 48.Qd7+ Kh8 49.Qe8+  1/2-1/2

[Event "Malta ol (Men)"]
[Site "La Valetta"]
[Date "1980.??.??"]
[Round "?"]
[White "Smejkal, Jan"]
[Black "Nunn, John DM"]
[Result "1/2-1/2"]
[WhiteElo "2555"]
[BlackElo "2515"]

1.Nf3 g6 2.c4 Bg7 3.d4 Nf6 4.g3 O-O 5.Bg2 d6 6.O-O Nc6 7.Nc3 a6 8.h3 Rb8
9.Bg5 b5 10.cxb5 axb5 11.Rc1 Bd7 12.d5 Na5 13.b4 Nc4 14.Nd4 h6 15.Bxf6 Bxf6
16.e3 Qc8 17.Qe2 Bxd4 18.exd4 Bxh3 19.Bxh3 Qxh3 20.a4 Nb6 21.a5 Nd7 22.Qxe7 Rfe8
23.Qh4 Qxh4 24.gxh4 Nf6 25.Rfe1 Kf8 26.Kg2 Rec8 27.Kf3 Re8 28.Ra1 Ra8 29.Rec1 Reb8
30.Re1 Re8 31.Rac1 Rab8 32.Rb1 Rec8 33.Rec1 Re8 34.Rc2 Ke7 35.Ra1 Kd7 36.Rac1 Rec8
37.Ke2 c6 38.a6 Nxd5 39.Nxd5 cxd5 40.Rxc8 Rxc8 41.a7  1/2-1/2

[Event "Malta ol (Men)"]
[Site "La Valetta"]
[Date "1980.??.??"]
[Round "?"]
[White "Suradiradja, Herman"]
[Black "Nunn, John DM"]
[Result "1/2-1/2"]
[WhiteElo "2340"]
[BlackElo "2515"]

1.e4 c5 2.Nf3 d6 3.d4 cxd4 4.Nxd4 Nf6 5.Nc3 a6 6.Bg5 e6 7.f4 Qb6 8.Nb3 Nbd7
9.Qd2 Be7 10.O-O-O Qc7 11.Be2 b5 12.a3 Bb7 13.Bf3 O-O 14.Bxf6 Nxf6 15.g4 Rfd8
16.g5 Nd7 17.h4 Nb6 18.Na5 Rac8 19.f5 exf5 20.Nxb7 Qxb7 21.Nd5 Nxd5 22.exf5 Rc5
23.Bxd5 Qc7 24.Rdf1 Rc8 25.c3 Kh8 26.f6 Bf8 27.Kb1 Qd7 28.h5 Qg4 29.fxg7+ Bxg7
30.Rxf7 R5c7 31.Rxc7 Rxc7 32.h6 Qf5+ 33.Ka1 Be5  1/2-1/2

[Event "Lloyds Bank"]
[Site "London"]
[Date "1980.??.??"]
[Round "?"]
[White "Nunn, John DM"]
[Black "Gheorghiu, Florin"]
[Result "1-0"]
[WhiteElo "2515"]
[BlackElo "2605"]

1.e4 c5 2.Nf3 e6 3.d4 cxd4 4.Nxd4 a6 5.c4 Nf6 6.Nc3 d6 7.Be2 Be7 8.O-O O-O
9.f4 Qc7 10.Be3 Re8 11.Qe1 Bf8 12.Qh4 b6 13.Rae1 Nbd7 14.Bd3 Bb7 15.Bc2 g6
16.e5 Nh5 17.exd6 Bxd6 18.f5 Ne5 19.fxe6 fxe6 20.Ne4 Nxc4 21.Nxd6 Qxd6 22.Bh6 e5
23.Nf5 Qd5 24.Rf2 Qc5 25.Bd1 Bc8 26.b4 Qxb4 27.Ne7+ Kh8 28.Ref1 Be6 29.Bxh5 Qxe7
30.Rf8+ Rxf8 31.Rxf8+ Rxf8 32.Qxe7 Rf4 33.g3  1-0

[Event "Phillips&Drew"]
[Site "London"]
[Date "1980.??.??"]
[Round "12"]
[White "Sax, Gyula"]
[Black "Nunn, John DM"]
[Result "1/2-1/2"]
[WhiteElo "2570"]
[BlackElo "2515"]

1.e4 c5 2.Nf3 d6 3.d4 cxd4 4.Nxd4 Nf6 5.Nc3 a6 6.Bc4 e6 7.Bb3 b5 8.f4 Be7
9.e5 dxe5 10.fxe5 Nfd7 11.Bxe6 Nxe5 12.Bxc8 Qxc8 13.Bf4 Nbc6 14.Nxc6 Nxc6
15.O-O O-O 16.Nd5 Ra7 17.Kh1 Rd8 18.Qf3 Qf5 19.Nxe7+ Nxe7 20.Qe3 Qd7 21.Bd6 Rb7
22.Qf3 Nd5 23.Bc5 Rc7 24.b4 Rc6 25.Qd3  1/2-1/2

[Event "Manchester Benedictine"]
[Site "Manchester"]
[Date "1980.??.??"]
[Round "2"]
[White "Nunn, John DM"]
[Black "Lederman, Leon"]
[Result "1/2-1/2"]
[WhiteElo "2515"]
[BlackElo "2410"]

1.e4 e5 2.Nf3 Nc6 3.Bc4 Nf6 4.d3 Be7 5.O-O O-O 6.Nbd2 d6 7.c3 Na5 8.Bb5 a6
9.Ba4 b5 10.Bc2 c5 11.Re1 Re8 12.Nf1 Bf8 13.Ne3 g6 14.a4 Bd7 15.Bd2 Nc6 16.Bb3 h6
17.Nd5 Na5 18.Nxf6+ Qxf6 19.Bd5 Nc6 20.axb5 axb5 21.Qb3 Rab8 22.Ra6 Ne7 23.Nxe5 Qxe5
24.Bxf7+ Kg7 25.f4 Qf6 26.Bxe8 Bxe8 27.e5 Qf7 28.Qxf7+ Bxf7 29.Rxd6 Nf5 30.Rd7 Kg8
31.e6 Be8 32.Ra7 h5 33.Rea1 Be7 34.Ra8 Rxa8 35.Rxa8 Kf8 36.Kf2 Bd6 37.Be3 Ng7
38.Ra6 Ke7 39.Ra7+ Kf6 40.Ra6 Ke7 41.Ra7+ Kf6  1/2-1/2

[Event "Manchester Benedictine"]
[Site "Manchester"]
[Date "1980.??.??"]
[Round "4"]
[White "Nunn, John DM"]
[Black "Morris, Walter D"]
[Result "1-0"]
[WhiteElo "2515"]
[BlackElo "2380"]

1.e4 c5 2.Nf3 d6 3.d4 cxd4 4.Nxd4 Nf6 5.Nc3 a6 6.Be3 e5 7.Nb3 Be6 8.f3 Nbd7
9.g4 Be7 10.Qd2 b5 11.a4 b4 12.Nd5 Bxd5 13.exd5 O-O 14.g5 Nh5 15.Rg1 f5 16.Qxb4 f4
17.Bf2 Rb8 18.Qe4 Bxg5 19.Bd3 g6 20.O-O-O Ng7 21.Qe1 Nf5 22.Bxf5 Rxf5 23.Na5 Qc7
24.Nc6 Rb7 25.Qe4 Kf7 26.Rd3 Bf6 27.Rc3 Rh5 28.Rg2 Bg7 29.Nxe5+ Nxe5 30.Rxc7+ Rxc7
31.Bd4 Rc4 32.b3 Nd3+ 33.Qxd3 Rxd4 34.Qxa6 Rhxd5 35.Rg1 Rd2 36.Qb7+  1-0

[Event "Manchester Benedictine"]
[Site "Manchester"]
[Date "1980.??.??"]
[Round "6"]
[White "Nunn, John DM"]
[Black "Rind, Bruce"]
[Result "1-0"]
[WhiteElo "2515"]
[BlackElo "2395"]

1.e4 c5 2.Nf3 Nc6 3.d4 cxd4 4.Nxd4 g6 5.c4 Nf6 6.Nc3 d6 7.Nc2 Bg7 8.Be2 Nd7
9.Bd2 Nc5 10.b4 Ne6 11.Rc1 O-O 12.O-O f5 13.exf5 gxf5 14.f4 Ned4 15.Nxd4 Nxd4
16.Be3 e5 17.Bf3 Be6 18.Bd5 Qd7 19.Bxe6+ Qxe6 20.Nd5 Rf7 21.Bxd4 exd4 22.Re1 Qd7
23.Qd3 Rc8 24.b5 Rcf8 25.Rc2 a6 26.Rce2 Kh8 27.a4 axb5 28.axb5 Qd8 29.h3 Qa5
30.Re6 Qd8 31.Qa3 Qh4 32.R1e2 Rg8 33.Qd3 Qd8 34.Re7 Rgf8 35.R2e6 Rxe7 36.Rxe7 Qc8
37.Kh2 Re8 38.Rxg7 Kxg7 39.Qxd4+ Kf8 40.Qh8+ Kf7 41.Qxh7+ Kf8 42.Nf6 Rd8
43.Qg8+ Ke7 44.Nd5+ Kd7 45.Qf7+  1-0

[Event "Manchester Benedictine"]
[Site "Manchester"]
[Date "1980.??.??"]
[Round "7"]
[White "Martin, Andrew D"]
[Black "Nunn, John DM"]
[Result "0-1"]
[WhiteElo "2315"]
[BlackElo "2515"]

1.Nf3 Nf6 2.d4 g6 3.c4 Bg7 4.Nc3 d6 5.e4 O-O 6.Be2 Nbd7 7.O-O e5 8.d5 a5
9.Qc2 Nc5 10.Bg5 h6 11.Be3 Nfd7 12.Nd2 f5 13.exf5 gxf5 14.f4 exf4 15.Bxf4 Ne5
16.Nf3 Ng6 17.Be3 Qe7 18.Qd2 f4 19.Bxc5 dxc5 20.Bd3 Ne5 21.Nxe5 Bxe5 22.Rae1 Qg7
23.Kh1 Bd7 24.Ne4 b6 25.b3 Rae8 26.Be2 Qg6 27.Bf3 Bd4 28.a3 Be3 29.Qc3 Rxe4
30.Bxe4 Qxe4  0-1

[Event "Manchester Benedictine"]
[Site "Manchester"]
[Date "1980.??.??"]
[Round "9"]
[White "Nunn, John DM"]
[Black "Pytel, Krzysztof"]
[Result "1-0"]
[WhiteElo "2515"]
[BlackElo "2450"]

1.e4 c5 2.Nf3 Nc6 3.d4 cxd4 4.Nxd4 e5 5.Nb5 a6 6.Nd6+ Bxd6 7.Qxd6 Qf6 8.Qd2 Nge7
9.Nc3 d6 10.Bd3 Be6 11.O-O Rd8 12.b3 O-O 13.Bb2 Nb4 14.Rae1 Ng6 15.Nd5 Nxd5
16.exd5 Nf4 17.dxe6 Qg5 18.Qxf4 Qxf4 19.e7 b5 20.exf8=Q+ Kxf8 21.Re4 Qd2
22.f4 f6 23.Re2 Qa5 24.fxe5 dxe5 25.Bxe5 Kg8 26.Ba1 Qxa2 27.Re7 Rxd3 28.cxd3 Qxb3
29.Rc1 Kf8 30.Rd7 Ke8 31.Rxg7 Qe6 32.Rc8+ Qxc8 33.Rg8+ Kd7 34.Rxc8 Kxc8 35.Bxf6  1-0

[Event "Baden"]
[Site "Vienna"]
[Date "1980.??.??"]
[Round "1"]
[White "Liberzon, Vladimir M"]
[Black "Nunn, John DM"]
[Result "1/2-1/2"]
[WhiteElo "2545"]
[BlackElo "2515"]

1.e4 c5 2.Nf3 d6 3.d4 cxd4 4.Nxd4 Nf6 5.Nc3 a6 6.Be2 Nbd7 7.f4 e5 8.Nf5 Nc5
9.Ng3 Qb6 10.f5 Bd7 11.Bf3 Rc8 12.Rb1 Na4 13.Nxa4 Bxa4 14.b3 d5 15.exd5 Bb4+
16.Bd2 Bd7 17.Bxb4 Qxb4+ 18.Qd2 Qc5 19.Ne4 Nxe4 20.Bxe4 O-O 21.Rf1 f6 22.Rf2 b5
23.Rd1 Rfd8  1/2-1/2

[Event "Baden"]
[Site "Vienna"]
[Date "1980.??.??"]
[Round "2"]
[White "Nunn, John DM"]
[Black "Janetschek, Karl"]
[Result "1-0"]
[WhiteElo "2515"]
[BlackElo "2325"]

1.e4 e5 2.Bc4 Nf6 3.d3 d6 4.Nf3 Be7 5.Nbd2 Nc6 6.c3 Be6 7.O-O O-O 8.Re1 a6
9.a4 Qd7 10.a5 Rfe8 11.Qb3 Nd8 12.h3 Bf8 13.Qc2 g6 14.b4 Bh6 15.Bb2 Nh5 16.d4 Bxc4
17.Nxc4 f6 18.Rad1 Nf7 19.Ne3 Nf4 20.c4 Rad8 21.Qb3 Nh5 22.Nd5 Bg7 23.c5 Kf8
24.cxd6 Nxd6 25.Nxf6 Nxf6 26.dxe5 Nfxe4 27.Rxe4 Qf5 28.Ree1 Nb5 29.Rxd8 Rxd8
30.e6  1-0

[Event "Baden"]
[Site "Vienna"]
[Date "1980.??.??"]
[Round "3"]
[White "Stean, Michael"]
[Black "Nunn, John DM"]
[Result "1/2-1/2"]
[WhiteElo "2530"]
[BlackElo "2515"]

1.Nf3 Nf6 2.c4 g6 3.Nc3 Bg7 4.d4 O-O 5.e4 d6 6.Be3 c5 7.h3 cxd4 8.Nxd4 b6
9.Bd3 Bb7 10.O-O Nbd7 11.Re1 a6 12.Bg5 h6 13.Bh4 e6 14.Rc1 Rc8 15.Bf1  1/2-1/2

[Event "Baden"]
[Site "Vienna"]
[Date "1980.??.??"]
[Round "4"]
[White "Nunn, John DM"]
[Black "Vaganian, Rafael A"]
[Result "1-0"]
[WhiteElo "2515"]
[BlackElo "2590"]

1.e4 e6 2.d4 d5 3.Nd2 c5 4.Ngf3 a6 5.exd5 exd5 6.Be2 cxd4 7.O-O Bd6 8.Re1 Ne7
9.Nb3 O-O 10.Nbxd4 Nbc6 11.Be3 Qc7 12.h3 Bd7 13.Qd2 Ng6 14.Nxc6 bxc6 15.c4 a5
16.a3 Be6 17.c5 Be7 18.b4 Rfb8 19.Bd4 Bf5 20.Bf1 f6 21.Bc3 Be4 22.Nd4 axb4
23.axb4 Ne5 24.Rxa8 Rxa8 25.f3 Bg6 26.f4 Nc4 27.Qe2 Be4 28.Qg4 Bf8 29.Rxe4  1-0

[Event "Baden"]
[Site "Vienna"]
[Date "1980.??.??"]
[Round "6"]
[White "Nunn, John DM"]
[Black "Adorjan, Andras"]
[Result "1/2-1/2"]
[WhiteElo "2515"]
[BlackElo "2550"]

1.e4 c5 2.Nf3 Nc6 3.d4 cxd4 4.Nxd4 Nf6 5.Nc3 e6 6.Ndb5 d6 7.Bf4 e5 8.Bg5 a6
9.Na3 b5 10.Nd5 Be7 11.Bxf6 Bxf6 12.c3 Bg5 13.Nc2 Ne7 14.Ncb4 O-O 15.a4 bxa4
16.Rxa4 a5 17.Nxe7+ Qxe7 18.Bc4 Be6 19.Nd5 Qb7  1/2-1/2

[Event "Baden"]
[Site "Vienna"]
[Date "1980.??.??"]
[Round "9"]
[White "Gheorghiu, Florin"]
[Black "Nunn, John DM"]
[Result "1/2-1/2"]
[WhiteElo "2605"]
[BlackElo "2515"]

1.d4 Nf6 2.c4 c5 3.Nf3 cxd4 4.Nxd4 e6 5.Nc3 Bb4 6.g3 O-O 7.Bg2 d5 8.cxd5 Nxd5
9.Bd2 Nxc3 10.bxc3 Ba5 11.O-O e5 12.Nc2 Nc6 13.Nb4 Bd7 14.Nxc6 Bxc6 15.Bxc6 bxc6
16.Qa4 Qxd2 17.Qxa5 Qxe2 18.Rfe1  1/2-1/2

[Event "Baden"]
[Site "Vienna"]
[Date "1980.??.??"]
[Round "10"]
[White "Nunn, John DM"]
[Black "Miles, Anthony J"]
[Result "1-0"]
[WhiteElo "2515"]
[BlackElo "2545"]

1.e4 c5 2.Nf3 d6 3.d4 cxd4 4.Nxd4 Nf6 5.Nc3 g6 6.g3 Nc6 7.Nde2 Bg7 8.Bg2 Rb8
9.a4 a6 10.O-O b5 11.axb5 axb5 12.Nd5 O-O 13.Bg5 Nd7 14.Qc1 Nc5 15.b4 Ne6
16.Bh6 Ned4 17.Nxd4 Nxd4 18.Kh1 Bxh6 19.Qxh6 Nxc2 20.Rac1 Nd4 21.Rc7 Bd7
22.f4 f5 23.e5 Rf7 24.Rd1 Ne6 25.Ra7 Nf8 26.Qh4 Kg7 27.Nc7 Rc8 28.exd6 exd6
29.Qxd8 Rxd8 30.Rxd6 Rc8 31.Kg1 Kh6 32.Bf1 Re7 33.Nd5 Re1 34.Nb6 Rc6 35.Nxd7 Rxd6
36.Nxf8 Kh5 37.Rxh7+ Kg4 38.Kf2 Rxf1+ 39.Kxf1 Kf3 40.Rd7 Rc6 41.Rd3+ Ke4
42.Rd2  1-0